Interrogating Datafication : Towards a Praxeology of Data.

Bibliographic Details
Main Author: Burkhardt, Marcus.
Other Authors: van Geenen, Daniela., Gerlitz, Carolin., Hind, Sam., Kaerlein, Timo., Lämmerhirt, Danny., Volmar, Axel.
Format: eBook
Language:English
Published: Bielefeld : transcript Verlag, 2022.
Edition:1st ed.
Series:Media in Action Series
Subjects:
Online Access:Click to View
LEADER 01674nam a22004453i 4500
001 EBC30469315
003 MiAaPQ
005 20231204023230.0
006 m o d |
007 cr cnu||||||||
008 231204s2022 xx o ||||0 eng d
020 |a 9783839455616  |q (electronic bk.) 
035 |a (MiAaPQ)EBC30469315 
035 |a (Au-PeEL)EBL30469315 
035 |a (OCoLC)1349351491 
040 |a MiAaPQ  |b eng  |e rda  |e pn  |c MiAaPQ  |d MiAaPQ 
082 0 |a 302.231 
100 1 |a Burkhardt, Marcus. 
245 1 0 |a Interrogating Datafication :  |b Towards a Praxeology of Data. 
250 |a 1st ed. 
264 1 |a Bielefeld :  |b transcript Verlag,  |c 2022. 
264 4 |c ©2022. 
300 |a 1 online resource (310 pages) 
336 |a text  |b txt  |2 rdacontent 
337 |a computer  |b c  |2 rdamedia 
338 |a online resource  |b cr  |2 rdacarrier 
490 1 |a Media in Action Series ;  |v v.3 
588 |a Description based on publisher supplied metadata and other sources. 
590 |a Electronic reproduction. Ann Arbor, Michigan : ProQuest Ebook Central, 2023. Available via World Wide Web. Access may be limited to ProQuest Ebook Central affiliated libraries.  
655 4 |a Electronic books. 
700 1 |a van Geenen, Daniela. 
700 1 |a Gerlitz, Carolin. 
700 1 |a Hind, Sam. 
700 1 |a Kaerlein, Timo. 
700 1 |a Lämmerhirt, Danny. 
700 1 |a Volmar, Axel. 
776 0 8 |i Print version:  |a Burkhardt, Marcus  |t Interrogating Datafication  |d Bielefeld : transcript Verlag,c2022 
797 2 |a ProQuest (Firm) 
830 0 |a Media in Action Series 
856 4 0 |u https://ebookcentral.proquest.com/lib/matrademy/detail.action?docID=30469315  |z Click to View